000 00949nam a2200277 i 4500
005 20210818182346.0
008 160217s2011 sp a cr 000 j spa d
020 _a9788415116110
040 _aCOMFC
_bspa
_erda
041 1 _aspa
_hita
100 1 _aCalì, Davide
_d1972-
_955633
245 1 3 _aEl increíble viaje de la abuela /
_cDavide Calì ; ilustración Anna Laura Cantone.
264 0 1 _aMadrid :
_bEdiciones Jaguar,
_c2011.
300 _a[26] páginas :
_bilustraciones ;
_c30 cm.
336 _2rdacontent
_atxt
337 _2rdamedia
_an
338 _2rdacarrier
_anc
490 1 _aMiau
700 1 _aCantone, Anna Laura,
_d1977-,
_eill
082 0 4 _a853.91
_bC153i
650 4 _aCuentos infantiles italianos.
650 4 _aAbuelas
_v Cuentos infantiles.
650 0 _aLibros Ilustrados Para Niños
_921021
650 4 _aViajes
_v Cuentos infantiles.
942 _2ddc
_h853.91 C153i
_k853.91
_mC153i
999 _c15799
_d15799